Statistics for Cities With One Million People by Letter - B

Click here to take the quiz!

General Stats

  • This quiz has been taken 1,119 times
  • The average score is 24 of 44

Answers on the Map

Answers color-coded by a green-red scale on the quiz's map according to % correct below.
Loading ...
 

Answer Stats

City % Correct
Boston
98%
Barcelona
96%
Buenos Aires
95%
Bogotá
94%
Berlin
93%
Birmingham
93%
Brussels
93%
Brisbane
92%
Beijing
91%
Brasília
91%
Bucharest
91%
Budapest
91%
Bangkok
88%
Belgrade
84%
Baghdad
83%
Bangalore
81%
Baku
81%
Beirut
80%
Busan
75%
Bordeaux
74%
Belo Horizonte
74%
Bamako
71%
Brazzaville
67%
Bangui
54%
Belém
53%
Buffalo
52%
Bandung
50%
Barranquilla
45%
Basra
38%
Bursa
31%
Bhopal
27%
Benin City
20%
Bhilai
19%
Bucaramanga
13%
Barquisimeto
10%
Baotou
10%
Baoding
8%
Bhubaneswar
7%
Batam
7%
Bareilly
5%
Bandar Lampung
5%
Benxi
4%
Baoji
4%
Bengbu
4%

Score Distribution

Percentile by Number Answered

Percent of People with Each Score

Your Score History

You have not taken this quiz